000 00282nam a2200109Ia 4500
008 220204s9999 xx 000 0 und d
082 _a339.1
_bSTE
245 0 _aFundamental issues in trade theory
260 _aGreat Britain
_bMacmillan
_c1979
700 _aSTEEDMAN, Ian
942 _cBK
999 _c32551
_d32551